[Event "COL-ch sf (Women)"]
[Site "Pereira"]
[Date "2024.03.31"]
[Round "9"]
[White "Caicedo Anguila, Juliana Andrea"]
[Black "Ladron De Guevara Mendez, Lorena"]
[Result "1/2-1/2"]
[WhiteElo "1834"]
[BlackElo "1625"]
[PlyCount "33"]
[EventDate "2024.03.27"]
[EventType "swiss"]
[EventRounds "9"]
[EventCountry "COL"]
[SourceTitle "CB14_2024"]
[SourceDate "2024.04.01"]
[SourceVersion "1"]
[SourceVersionDate "2024.04.01"]
[SourceQuality "1"]

1. d4 d5 2. c4 e6 3. Nc3 c6 4. cxd5 exd5 5. Bf4 Bd6 6. Bxd6 Qxd6 7. e3 Bf5 8. Bd3 Bxd3 9. Qxd3 Nf6 10. Nf3 Nbd7 11. 0-0 0-0 12. b4 b5 13. Rab1 Rae8 14. a4 a6 15. a5 Ne4 16. Rfc1 f5 17. Rc2 1/2-1/2

[Event "COL-ch sf (Women)"]
[Site "Pereira"]
[Date "2024.03.30"]
[Round "7"]
[White "Ladron De Guevara Mendez, Lorena"]
[Black "Valencia Quinchia, Isabella"]
[Result "0-1"]
[WhiteElo "1625"]
[BlackElo "1776"]
[PlyCount "42"]
[EventDate "2024.03.27"]
[EventType "swiss"]
[EventRounds "9"]
[EventCountry "COL"]
[SourceTitle "CB14_2024"]
[SourceDate "2024.04.01"]
[SourceVersion "1"]
[SourceVersionDate "2024.04.01"]
[SourceQuality "1"]

1. e4 e5 2. Nf3 Nc6 3. Nc3 Nf6 4. a3 d5 5. Bb5 Qd6 6. d3 Be7 7. Bg5 d4 8. Ne2 0-0 9. h3 h6 10. Bh4 Nd7 11. Bg3 f5 12. Bxc6 bxc6 13. exf5 c5 14. c3 Bb7 15. cxd4 Bxf3 16. gxf3 cxd4 17. Qb3+ Kh8 18. Qe6 Qxe6 19. fxe6 Nc5 20. Nc1 Rxf3 21. Ke2 Rf6 0-1

[Event "COL Students-ch (Women)"]
[Site "Santa Fe"]
[Date "2023.09.25"]
[Round "6"]
[White "Munoz Ospina, Paula Johanna"]
[Black "Ladron De Guevara Mendez, Lorena"]
[Result "1/2-1/2"]
[WhiteElo "1554"]
[BlackElo "1357"]
[PlyCount "62"]
[EventDate "2023.09.23"]
[EventType "swiss"]
[EventRounds "6"]
[EventCountry "COL"]
[SourceTitle "EXT 2024"]
[Source "ChessBase"]
[SourceDate "2023.10.10"]
[SourceVersion "1"]
[SourceVersionDate "2023.10.10"]
[SourceQuality "1"]

1. Nf3 d5 2. b3 c5 3. e3 Nc6 4. Bb2 Nf6 5. h3 e6 6. Bb5 Bd7 7. Bxc6 Bxc6 8. 0-0 Bd6 9. Ne5 Qc7 10. f4 Nd7 11. Nxc6 Qxc6 12. d3 0-0-0 13. Nd2 f5 14. c4 Rhg8 15. Nf3 h6 16. b4 g5 17. bxc5 Bxc5 18. d4 Bb6 19. cxd5 Qxd5 20. Qc2+ Kb8 21. Ne5 gxf4 22. Nxd7+ Rxd7 23. Rxf4 Rdg7 24. Rf2 Rg3 25. e4 fxe4 26. Raf1 Bxd4 27. Bxd4 Qxd4 28. Kh1 Qd6 29. Qxe4 Qd5 30. Rf8+ Rxf8 31. Rxf8+ Kc7 1/2-1/2

[Event "COL Students-ch (Women)"]
[Site "Santa Fe"]
[Date "2023.09.24"]
[Round "4"]
[White "Caicedo Anguila, Juliana Andrea"]
[Black "Ladron De Guevara Mendez, Lorena"]
[Result "1-0"]
[WhiteElo "1695"]
[BlackElo "1357"]
[PlyCount "63"]
[EventDate "2023.09.23"]
[EventType "swiss"]
[EventRounds "6"]
[EventCountry "COL"]
[SourceTitle "EXT 2024"]
[Source "ChessBase"]
[SourceDate "2023.10.10"]
[SourceVersion "1"]
[SourceVersionDate "2023.10.10"]
[SourceQuality "1"]

1. d4 d5 2. c4 e6 3. Nc3 c6 4. cxd5 exd5 5. Bf4 Bd6 6. Bxd6 Qxd6 7. Qc2 f5 8. e3 Nf6 9. Bd3 Ne4 10. Nge2 0-0 11. 0-0 Qh6 12. b4 Nd7 13. b5 Rf6 14. Nf4 g5 15. Nfxd5 cxd5 16. Nxd5 Rf7 17. Bc4 Nd6 18. Ne7+ Kf8 19. Bxf7 Kxf7 20. Nxf5 Nxf5 21. Qxf5+ Nf6 22. Qc5 Be6 23. Rfc1 Rc8 24. Qxa7 Rxc1+ 25. Rxc1 Bd5 26. Qb8 Qh4 27. Qg3 Qe4 28. Qxg5 h6 29. Qg3 Bxa2 30. Qf3 Qe7 31. Qf4 Kg6 32. Qg3+ 1-0

[Event "COL-ch U18 Girls"]
[Site "Medellin"]
[Date "2022.06.05"]
[Round "8"]
[White "Ladron De Guevara Mendez, Lorena"]
[Black "Valencia Quinchia, Isabella"]
[Result "1-0"]
[WhiteElo "1294"]
[BlackElo "1422"]
[PlyCount "45"]
[EventDate "2022.06.01"]
[EventType "swiss"]
[EventRounds "9"]
[EventCountry "COL"]
[SourceTitle "CBM 208 Extra"]
[Source "ChessBase"]
[SourceDate "2022.07.31"]
[SourceVersion "1"]
[SourceVersionDate "2022.07.31"]
[SourceQuality "1"]

1. e4 e5 2. Nf3 Nc6 3. Nc3 Nf6 4. d4 exd4 5. Nd5 Be7 6. Bc4 d6 7. 0-0 Bg4 8. Qd3 Ne5 9. Nxe5 dxe5 10. Qg3 h5 11. Qxe5 Nxd5 12. exd5 0-0 13. Qxd4 c6 14. c3 b5 15. Bb3 Bf6 16. Qd2 Re8 17. dxc6 Qc7 18. Qd5 Be2 19. Qd7 Rac8 20. Bxf7+ Kf8 21. Bxe8 Bxf1 22. Kxf1 Qxc6 23. Qf7# 1-0

[Event "COL-ch U20"]
[Site "Duitama"]
[Date "2021.03.22"]
[Round "7"]
[White "Diaz Larrea, Juan Manuel"]
[Black "Ladron De Guevara Mendez, Lorena"]
[Result "1-0"]
[WhiteElo "1583"]
[BlackElo "1319"]
[PlyCount "91"]
[EventDate "2021.03.18"]
[EventType "swiss"]
[EventRounds "7"]
[EventCountry "COL"]
[SourceTitle "EXT 2022"]
[Source "ChessBase"]
[SourceDate "2021.10.06"]
[SourceVersion "1"]
[SourceVersionDate "2021.10.06"]
[SourceQuality "1"]

1. e4 e5 2. Nf3 Nc6 3. Bb5 a6 4. Ba4 Nf6 5. d3 Bc5 6. 0-0 b5 7. Bb3 d6 8. c3 0-0 9. Nbd2 Re8 10. h3 Be6 11. Bc2 Qd7 12. Ng5 h6 13. Nxe6 Qxe6 14. Nf3 Nh5 15. d4 Bb6 16. d5 Qg6 17. Nh4 Qg3 18. Qxh5 Ne7 19. Qg4 Qxg4 20. hxg4 c6 21. Nf5 cxd5 22. Nxe7+ Rxe7 23. exd5 Rc8 24. Be3 Bxe3 25. fxe3 b4 26. Bf5 Rc4 27. Bd3 Rxg4 28. Bxa6 Rc7 29. c4 Ra7 30. Bb5 Rg3 31. Kf2 Rg4 32. a4 bxa3 33. Rxa3 Re7 34. Ra6 f5 35. Rxd6 e4 36. Re6 Ra7 37. d6 Ra2 38. Rb1 f4 39. Re8+ Kh7 40. d7 f3 41. g3 Rg5 42. d8Q Rh5 43. Rh8+ Kg6 44. Qd6+ Kg5 45. Qf4+ Kg6 46. Be8# 1-0

[Event "COL-ch U20"]
[Site "Duitama"]
[Date "2021.03.19"]
[Round "2"]
[White "Caicedo Anguila, Juliana Andrea"]
[Black "Ladron De Guevara Mendez, Lorena"]
[Result "1-0"]
[WhiteElo "1598"]
[BlackElo "1319"]
[PlyCount "63"]
[EventDate "2021.03.18"]
[EventType "swiss"]
[EventRounds "7"]
[EventCountry "COL"]
[SourceTitle "EXT 2022"]
[Source "ChessBase"]
[SourceDate "2021.10.06"]
[SourceVersion "1"]
[SourceVersionDate "2021.10.06"]
[SourceQuality "1"]

1. d4 d5 2. c4 e6 3. Nc3 c6 4. cxd5 exd5 5. Bf4 Bf5 6. e3 Bd6 7. Bxd6 Qxd6 8. Nf3 Ne7 9. Be2 Nd7 10. 0-0 Ng6 11. a3 Nf6 12. b4 0-0 13. b5 Rfe8 14. a4 Rac8 15. Rc1 c5 16. dxc5 Rxc5 17. Nd4 Qe5 18. Qd2 Bg4 19. Bd3 Nh4 20. Nce2 Rxc1 21. Rxc1 Qg5 22. Ng3 Ne4 23. Qc2 Nxg3 24. hxg3 Ng6 25. Bf5 Ne7 26. Bxh7+ Kh8 27. Bd3 g6 28. Nf3 Bxf3 29. gxf3 Kg7 30. Qc3+ f6 31. Kg2 Rc8 32. Qb2 1-0